Guidelines for designing development projects to benefit the rural poor.

Xehetasun bibliografikoak
Erakunde egilea: Food and Agriculture Organization of the United Nations
Formatua: Liburua
Hizkuntza:English
Argitaratua: Rome : Food and Agriculture Organization of the United Nations, 1986.
Gaiak:
Classic Catalogue: View this record in Classic Catalogue
LEADER 00992nam a2200229 a 4500
001 1499252
008 091116s1986 it b i000 0 eng d
010 |a \\\88156174  
020 |a 9251024944 
040 |a TxCM  |c DLC  |d DLC 
082 0 0 |a 307.1/4  |2 19 
245 0 0 |a Guidelines for designing development projects to benefit the rural poor. 
260 |a Rome :  |b Food and Agriculture Organization of the United Nations,  |c 1986. 
300 |a xxi, 119 p. ;  |c 22 cm. 
504 |a Includes bibliographical references (p. 109-119). 
541 1 |e 00004287 
650 0 |a Rural development projects. 
650 0 |a Agriculture  |x Economic aspects  |z Developing countries. 
710 2 |a Food and Agriculture Organization of the United Nations. 
852 4 |a Ayesha Abed Library  |j General shelf 
999 |c 5551  |d 5551 
952 |0 0  |1 0  |2 ddc  |4 0  |6 307_140000000000000_GUI_1986  |7 0  |9 5444  |a BRACUL  |b BRACUL  |c GEN  |d 2009-11-16  |g 0.00  |l 0  |o 307.14 GUI  |p 3010004287  |r 2009-11-16  |t 1  |w 2009-11-16  |y BK  |x No price found in the accession register.